000
00300nam a2200133Ia 4500
008
220204s9999 xx 000 0 und d
082
_a
033
_b
SAM
100
_a
SAMUELSON, Paul A
245
0
_a
Economics
250
_a
Ed.9
260
_a
Tokyo
_b
Mcgraw Hill
_c
1973
650
_a
Economics
942
_c
BK
999
_c
23452
_d
23452